| 000 | 00636nam a22001817a 4500 | ||
|---|---|---|---|
| 999 |
_c176925 _d176925 |
||
| 005 | 20210202171343.0 | ||
| 010 | _aENG-128924 | ||
| 020 |
_c999.00 _a978-93-86720-46-7 |
||
| 035 | _aEN-112456 | ||
| 037 | _bDBAD/PUB | ||
| 082 | _a000 | ||
| 245 |
_a20 Practice Papers for IBPS Probationary Officers Prelim Cum Main/ _bEdited by Adenno Lee |
||
| 260 |
_aGhaziabad _bRathore Publishers & Distributors _c2019 |
||
| 270 |
_bGhaziabad _e201010 _aBasement, 260, Shaktikand-III, Indirapuram _mrathorepublishrs@gmail.com |
||
| 300 |
_avarious pages. _c25cm(hbk) |
||
| 700 | _aLee, Adenno, Ed. | ||
| 942 |
_2ddc _cEN _h000 _mPRA |
||